NBA MVP's Quiz - Statistics

General Stats
  • This quiz has been taken 34 times
  • The average score is 46 of 67
Answer Stats
Hint Answer % Correct
2022 Nikola Jokic
96%
2021 Nikola Jokic
96%
2013 LeBron James
89%
2012 LeBron James
89%
2010 LeBron James
89%
2009 LeBron James
89%
1998 Michael Jordan
86%
1996 Michael Jordan
86%
1992 Michael Jordan
86%
1991 Michael Jordan
86%
1988 Michael Jordan
86%
2017 Russel Westbrook
86%
2016 Stephen Curry
86%
2015 Stephen Curry
86%
2014 Kevin Durant
82%
2018 James Harden
79%
2008 Kobe Bryant
79%
1965 Bill Russell
75%
1963 Bill Russell
75%
1962 Bill Russell
75%
1961 Bill Russell
75%
1958 Bill Russell
75%
1980 Kareem Abdul-Jabbar
75%
1977 Kareem Abdul-Jabbar
75%
1976 Kareem Abdul-Jabbar
75%
1974 Kareem Abdul-Jabbar
75%
1972 Kareem Abdul-Jabbar
75%
1971 Kareem Abdul-Jabbar
75%
2000 Shaquille O’Neal
75%
1968 Wilt Chamberlain
75%
1967 Wilt Chamberlain
75%
1966 Wilt Chamberlain
75%
1960 Wilt Chamberlain
75%
2011 Derrick Rose
71%
1994 Hakeem Olajuwon
71%
2006 Steve Nash
71%
2005 Steve Nash
71%
2003 Tim Duncan
71%
2002 Tim Duncan
71%
2007 Dirk Nowitzki
68%
1999 Karl Malone
64%
1997 Karl Malone
64%
1990 Magic Johnson
64%
1989 Magic Johnson
64%
1987 Magic Johnson
64%
2001 Allen Iverson
61%
1986 Larry Bird
61%
1985 Larry Bird
61%
1984 Larry Bird
61%
1983 Moses Malone
61%
1982 Moses Malone
61%
1979 Moses Malone
61%
1959 Bob Pettit
57%
1956 Bob Pettit
57%
1995 David Robinson
57%
1993 Charles Barkley
54%
2004 Kevin Garnett
54%
1964 Oscar Robertson
54%
1957 Bob Cousy
46%
1969 Westley Unseld
46%
1975 Bob McAdoo
43%
1981 Julius Erving
43%
1970 Willis Reed
39%
1973 David Cowens
29%
1978 Bill Walton
25%
2020 Giannis Antetekounmpo
18%
2019 Giannis Antetekounmpo
18%
No matching quizzes found
Score Distribution
Percent of People with Each Score
Percentile by Number Answered
Your Score History
You have not taken this quiz